<?xml version="1.0" encoding="UTF-8"?>
<record
    xmlns:xsi="http://www.w3.org/2001/XMLSchema-instance"
    xsi:schemaLocation="http://www.loc.gov/MARC21/slim http://www.loc.gov/standards/marcxml/schema/MARC21slim.xsd"
    xmlns="http://www.loc.gov/MARC21/slim">

  <leader>02050nam a2200361 a 4500</leader>
  <controlfield tag="001">BRCA_8604</controlfield>
  <controlfield tag="005">20190320210337.0</controlfield>
  <controlfield tag="008">070916s1746----mx-#######---#000-0#spa-#</controlfield>
  <datafield tag="041" ind1=" " ind2=" ">
    <subfield code="a">spa</subfield>
  </datafield>
  <datafield tag="044" ind1=" " ind2=" ">
    <subfield code="a">mx</subfield>
  </datafield>
  <datafield tag="050" ind1=" " ind2="4">
    <subfield code="a">F1386</subfield>
    <subfield code="b">.C33 1746</subfield>
  </datafield>
  <datafield tag="100" ind1="1" ind2=" ">
    <subfield code="a">Cabrera y Quintero, Cayetano de</subfield>
    <subfield code="9">21506</subfield>
  </datafield>
  <datafield tag="245" ind1="1" ind2="0">
    <subfield code="a">Escudo de armas de M&#xE9;xico</subfield>
    <subfield code="b">celestial proteccion de esta nobilissima ciudad de la Nueva Espa&#xF1;a y de casi todo el nuevo mundo, Maria santissima, en su portentosa imagen del mexicano Guadalupe, milagrosamente apparecida en el palacio arzobispal el a&#xF1;o de 1531 y jurada su principal patrona el passado de 1737. En la angustia que ocasion&#xF3; la pestilencia, que cebada con mayor rigor en los indios, mitig&#xF3; sus ardores al abrigo de tanta sombra</subfield>
    <subfield code="c">Juan Antonio de Vizarron y Eguiarreta, Cayetano de Cabrera y Quintero.</subfield>
  </datafield>
  <datafield tag="260" ind1=" " ind2=" ">
    <subfield code="a">M&#xE9;xico</subfield>
    <subfield code="b">Viuda de D. Joseph Bernardo de Hogal</subfield>
    <subfield code="c">1746</subfield>
  </datafield>
  <datafield tag="300" ind1=" " ind2=" ">
    <subfield code="a">[32], 522 p., [24]</subfield>
    <subfield code="c">29 cm.</subfield>
  </datafield>
  <datafield tag="500" ind1=" " ind2=" ">
    <subfield code="a">Fondo Antiguo. Se encuentra en Caja Fuerte</subfield>
  </datafield>
  <datafield tag="500" ind1=" " ind2=" ">
    <subfield code="a">W-148</subfield>
  </datafield>
  <datafield tag="500" ind1=" " ind2=" ">
    <subfield code="a">Grabado en contraportada</subfield>
  </datafield>
  <datafield tag="500" ind1=" " ind2=" ">
    <subfield code="a">Portada impresa a dos tintas negro y rojo</subfield>
  </datafield>
  <datafield tag="500" ind1=" " ind2=" ">
    <subfield code="a">Con dedicatoria : A la augusta magestad de nuestro rey y se&#xF1;or, El se&#xF1;or Don Fernando Sexto, Rey de las Espa&#xF1;as y Emperador de las Indias</subfield>
  </datafield>
  <datafield tag="500" ind1=" " ind2=" ">
    <subfield code="a">Con lincencia del Superior Gobierno, Licencia del ordinario y Erratas</subfield>
  </datafield>
  <datafield tag="500" ind1=" " ind2=" ">
    <subfield code="a">Incluye pr&#xF3;logo, ap&#xE9;ndice e &#xED;ndice de cosas notables</subfield>
  </datafield>
  <datafield tag="500" ind1=" " ind2=" ">
    <subfield code="a">Uso de letras capitulares y vi&#xF1;etas al final de cada cap&#xED;tulo</subfield>
  </datafield>
  <datafield tag="500" ind1=" " ind2=" ">
    <subfield code="a">Estado f&#xED;sico : presentan rotura en el texto las p&#xE1;ginas 163-168, p. 281-282 y &#xFA;ltimas 2 hojas manchadas, guardas desprendidas</subfield>
  </datafield>
  <datafield tag="500" ind1=" " ind2=" ">
    <subfield code="a">Nota de encuadernaci&#xF3;n : piel pergamino</subfield>
  </datafield>
  <datafield tag="506" ind1="0" ind2=" ">
    <subfield code="a">Fondo reservado : para su consulta es necesario credencial de usuario y carta de motivos</subfield>
  </datafield>
  <datafield tag="650" ind1="1" ind2="4">
    <subfield code="a">Virgen de Guadalupe</subfield>
    <subfield code="9">21507</subfield>
  </datafield>
  <datafield tag="650" ind1="1" ind2="4">
    <subfield code="a">Epidemias</subfield>
    <subfield code="x">Historia</subfield>
    <subfield code="z">M&#xE9;xico</subfield>
    <subfield code="9">21508</subfield>
  </datafield>
  <datafield tag="650" ind1="1" ind2="4">
    <subfield code="a">Historia</subfield>
    <subfield code="z">M&#xE9;xico</subfield>
    <subfield code="9">10416</subfield>
  </datafield>
  <datafield tag="700" ind1="1" ind2=" ">
    <subfield code="a">Vizarron y Eguiarreta, Juan Antonio de</subfield>
    <subfield code="9">21509</subfield>
  </datafield>
  <datafield tag="902" ind1=" " ind2=" ">
    <subfield code="a">LAR</subfield>
  </datafield>
  <datafield tag="942" ind1=" " ind2=" ">
    <subfield code="2">lcc</subfield>
    <subfield code="c">B</subfield>
  </datafield>
  <datafield tag="999" ind1=" " ind2=" ">
    <subfield code="c">8267</subfield>
    <subfield code="d">8267</subfield>
  </datafield>
  <datafield tag="952" ind1=" " ind2=" ">
    <subfield code="0">0</subfield>
    <subfield code="1">0</subfield>
    <subfield code="4">0</subfield>
    <subfield code="7">0</subfield>
    <subfield code="a">BRCA</subfield>
    <subfield code="b">BRCA</subfield>
    <subfield code="d">2016-09-07</subfield>
    <subfield code="i">W-148</subfield>
    <subfield code="l">0</subfield>
    <subfield code="o">F1386 .C33 1746 (W-148)</subfield>
    <subfield code="p">LAR00115</subfield>
    <subfield code="r">2019-03-22 00:00:00</subfield>
    <subfield code="w">2019-03-22</subfield>
    <subfield code="y">B</subfield>
  </datafield>
</record>
